[Event "IECG WC.2011.P.00001 email"]
[Site "IECG email"]
[Date "2007.04.04"]
[Round "?"]
[White "Perico, Antonio"]
[Black "Garcia Medinilla, Daniel"]
[Result "1-0"]
[WhiteElo "1657"]
[BlackElo "1945"]
[PlyCount "47"]
[EventDate "2007.04.04"]
[EventType "tourn (corr)"]
[EventRounds "6"]
[SourceTitle "Corr 2011"]
[Source "ChessBase"]
[SourceDate "2010.08.31"]
[SourceVersion "1"]
[SourceVersionDate "2010.08.31"]
[SourceQuality "1"]

1. d4 Nf6 2. c4 e6 3. g3 d5 4. Nf3 Bb4+ 5. Bd2 a5 6. a3 Bxd2+ 7. Nbxd2 Qe7 8. e3 0-0 9. Bg2 Rd8 10. 0-0 Nc6 11. Qc2 a4 12. Rfd1 Qd6 13. Ne1 Ra7 14. Nd3 Bd7 15. Rac1 b6 16. f4 Ng4 17. Re1 f6 18. c5 Qe7 19. f5 b5 20. Nb1 Na5 21. Nb4 Qf7 22. Nc3 Nc4 23. fxe6 Bxe6 24. Nc6 1-0

[Event "IECG CP.2005.Q.00021 email"]
[Site "IECG email"]
[Date "2007.01.15"]
[Round "?"]
[White "Perico, Antonio"]
[Black "Baklanov, Valentin Petrovich"]
[Result "1/2-1/2"]
[WhiteElo "1651"]
[BlackElo "2362"]
[PlyCount "70"]
[EventDate "2007.01.15"]
[EventType "tourn (corr)"]
[EventRounds "6"]
[EventCountry "USA"]
[SourceTitle "Corr 2011"]
[Source "ChessBase"]
[SourceDate "2010.08.31"]
[SourceVersion "1"]
[SourceVersionDate "2010.08.31"]
[SourceQuality "1"]

1. d4 d5 2. c4 e5 3. dxe5 d4 4. Nf3 Nc6 5. g3 Bc5 6. a3 a5 7. Nbd2 Nge7 8. Ne4 Ba7 9. h4 Bf5 10. Qc2 Qd7 11. h5 h6 12. Bf4 0-0-0 13. Nh4 Bg4 14. 0-0-0 Bxh5 15. f3 Kb8 16. Bh3 Qe8 17. g4 Bg6 18. Nf5 Nxf5 19. gxf5 Bh7 20. Qa4 Nxe5 21. Qxa5 f6 22. Kb1 Rf8 23. Rhg1 Bb6 24. Qb4 g5 25. fxg6 Bxg6 26. Ka1 d3 27. c5 dxe2 28. Rxd8+ Qxd8 29. cxb6 Qd1+ 30. Bc1 Re8 31. Qe1 Qxe1 32. Rxe1 Nxf3 33. Rxe2 Rxe4 34. Rxe4 Bxe4 35. Bf4 Ne5 1/2-1/2

[Event "IECG CP.2006.P.00030 email"]
[Site "IECG email"]
[Date "2006.10.01"]
[Round "?"]
[White "Perico, Antonio"]
[Black "Croad, Nicolas"]
[Result "1/2-1/2"]
[WhiteElo "1575"]
[BlackElo "1911"]
[PlyCount "89"]
[EventDate "2006.10.01"]
[EventType "tourn (corr)"]
[EventRounds "6"]
[SourceTitle "Corr 2011"]
[Source "ChessBase"]
[SourceDate "2010.08.31"]
[SourceVersion "1"]
[SourceVersionDate "2010.08.31"]
[SourceQuality "1"]

1. d4 d5 2. Nf3 Nf6 3. g3 c6 4. c4 dxc4 5. Bg2 b5 6. 0-0 e6 7. a4 Bb7 8. Ne5 Qc8 9. b3 cxb3 10. Qxb3 b4 11. Be3 c5 12. Bxb7 Qxb7 13. dxc5 Be7 14. Rd1 0-0 15. Nd2 Nfd7 16. Nd3 Nc6 17. Nc4 a5 18. Nd6 Bxd6 19. cxd6 Nce5 20. Nxe5 Nxe5 21. Bd4 Nd7 22. Qb2 f6 23. Qb3 Kf7 24. Qd3 Rac8 25. f4 Kg8 26. Qb5 Qxb5 27. axb5 Ra8 28. Rdc1 e5 29. Be3 b3 30. Rc7 a4 31. Bc1 Rfd8 32. Kf2 Ra5 33. Bb2 Kf8 34. Kf3 Ke8 35. e4 Rda8 36. fxe5 fxe5 37. Ba3 Rxb5 38. Rb1 Kd8 39. Kg4 g6 40. Kg5 Rba5 41. Rf1 R5a7 42. Rc3 Ke8 43. Rcf3 b2 44. Rf7 Nc5 45. d7+ 1/2-1/2

[Event "IECG WC.2010.P.00016 email"]
[Site "IECG email"]
[Date "2006.06.05"]
[Round "?"]
[White "Perico, Antonio"]
[Black "Blittkowsky, Ralf"]
[Result "1-0"]
[WhiteElo "1506"]
[BlackElo "1907"]
[PlyCount "57"]
[EventDate "2006.06.05"]
[EventType "tourn (corr)"]
[EventRounds "6"]
[SourceTitle "Corr 2008"]
[Source "ChessBase"]
[SourceDate "2008.06.24"]
[SourceVersion "1"]
[SourceVersionDate "2008.06.24"]
[SourceQuality "1"]

1. d4 b6 2. e4 Bb7 3. Nc3 e6 4. Nf3 Nf6 5. e5 Ne4 6. Nxe4 Bxe4 7. Ng5 Bb7 8. Bd3 Be7 9. Qg4 Bxg5 10. Bxg5 Qc8 11. Bh4 Kf8 12. 0-0-0 Nc6 13. Kb1 Nb4 14. Be2 Qe8 15. a3 Nd5 16. Bg5 d6 17. Rhe1 b5 18. Rd3 b4 19. axb4 Nxb4 20. Rc3 Qa4 21. exd6 cxd6 22. Bf4 Qd7 23. Bc4 Re8 24. Rg3 Rg8 25. Qh4 Rc8 26. Bb5 Bc6 27. Bxc6 Nxc6 28. d5 Nd4 29. dxe6 1-0

[Event "IECG CD.2006.0.00110 email"]
[Site "IECG email"]
[Date "2006.04.02"]
[Round "6"]
[White "Perico, Antonio"]
[Black "Carneiro, Luis Guilherme"]
[Result "1-0"]
[WhiteElo "1488"]
[BlackElo "1500"]
[PlyCount "73"]
[EventDate "2006.04.02"]
[EventType "tourn (corr)"]
[EventRounds "6"]
[SourceTitle "Corr 2008"]
[Source "ChessBase"]
[SourceDate "2008.06.24"]
[SourceVersion "1"]
[SourceVersionDate "2008.06.24"]
[SourceQuality "1"]

1. d4 d6 2. e4 Nf6 3. f3 d5 4. e5 Nfd7 5. f4 c5 6. Nf3 Nc6 7. Be3 cxd4 8. Nxd4 Nxd4 9. Bxd4 Nb8 10. Nc3 Nc6 11. Bf2 e6 12. Bd3 g5 13. 0-0 gxf4 14. Qh5 Rg8 15. Bh4 Qb6+ 16. Kh1 Qxb2 17. Nb5 Qxe5 18. Qxe5 Nxe5 19. Nc7+ Kd7 20. Nxa8 Nxd3 21. cxd3 Bd6 22. a4 e5 23. a5 Rg4 24. Be1 Rg6 25. Rb1 Bc5 26. Bc3 d4 27. Bb4 b6 28. axb6 Bb7 29. Rf2 Bxb6 30. Nxb6+ Rxb6 31. Rfb2 Ba6 32. Rb3 Bxd3 33. Rxd3 a5 34. Rdb3 axb4 35. Rxb4 Rxb4 36. Rxb4 Ke6 37. Kg1 1-0

[Event "IECG CD.2006.0.00110 email"]
[Site "IECG email"]
[Date "2006.04.02"]
[Round "2"]
[White "Perico, Antonio"]
[Black "Huntley, Theron"]
[Result "1/2-1/2"]
[WhiteElo "1488"]
[BlackElo "1524"]
[PlyCount "83"]
[EventDate "2006.04.02"]
[EventType "tourn (corr)"]
[EventRounds "6"]
[SourceTitle "Corr 2008"]
[Source "ChessBase"]
[SourceDate "2008.06.24"]
[SourceVersion "1"]
[SourceVersionDate "2008.06.24"]
[SourceQuality "1"]

1. d4 Nf6 2. c4 e6 3. Nc3 Bb4 4. Qc2 d5 5. a3 Bxc3+ 6. Qxc3 dxc4 7. Qxc4 b6 8. Nf3 Ba6 9. Qc2 Nbd7 10. Bg5 0-0 11. e4 Bxf1 12. Kxf1 h6 13. Bh4 Qc8 14. Qc6 a5 15. Re1 Ra7 16. h3 Qb7 17. Ne5 Nxe5 18. Qxb7 Rxb7 19. dxe5 Nd7 20. f4 f6 21. exf6 Nxf6 22. Bxf6 Rxf6 23. g3 g5 24. Ke2 gxf4 25. Ref1 e5 26. gxf4 exf4 27. Rfg1+ Kf7 28. Kf3 Ke6 29. Rg7 Rb8 30. Rc1 c5 31. Rd1 b5 32. h4 b4 33. Rdd7 Rff8 34. Rge7+ Kf6 35. Rh7 Ke6 36. a4 Rbd8 37. Rxd8 Rxd8 38. Rxh6+ Ke5 39. Rh5+ Kd4 40. Rd5+ Rxd5 41. exd5 Kxd5 42. Kxf4 1/2-1/2

[Event "IECG CD.2006.0.00107 email"]
[Site "IECG email"]
[Date "2006.03.05"]
[Round "2"]
[White "Trevis, Robert R"]
[Black "Perico, Antonio"]
[Result "0-1"]
[WhiteElo "1408"]
[BlackElo "1479"]
[PlyCount "58"]
[EventDate "2006.03.05"]
[EventType "tourn (corr)"]
[EventRounds "6"]
[SourceTitle "Corr 2008"]
[Source "ChessBase"]
[SourceDate "2008.06.24"]
[SourceVersion "1"]
[SourceVersionDate "2008.06.24"]
[SourceQuality "1"]

1. e4 e6 2. d4 d5 3. Nc3 Nf6 4. Bb5+ c6 5. Bd3 c5 6. Nf3 c4 7. Be2 Bb4 8. e5 Ne4 9. 0-0 Nxc3 10. bxc3 Bxc3 11. Rb1 Qa5 12. Bd2 Nc6 13. Bxc3 Qxc3 14. Re1 0-0 15. a4 Rb8 16. Rb5 Bd7 17. Rb1 a5 18. Rb6 Rfc8 19. Rb1 Nb4 20. Qc1 Qxc2 21. Ra1 c3 22. Qa3 Qb2 23. Kf1 Qxa3 24. Rxa3 Nc2 25. Ra2 Nxe1 26. Nxe1 b5 27. axb5 Bxb5 28. Bxb5 Rxb5 29. f4 Rb1 0-1

[Event "IECG CP.2004.P.00040 email"]
[Site "IECG email"]
[Date "2004.10.01"]
[Round "?"]
[White "Perico, Antonio"]
[Black "Tritschler, Andreas"]
[Result "1/2-1/2"]
[WhiteElo "1384"]
[BlackElo "1834"]
[PlyCount "60"]
[EventDate "2004.10.01"]
[EventType "tourn (corr)"]
[EventRounds "6"]
[SourceTitle "Corr 2011"]
[Source "ChessBase"]
[SourceDate "2010.08.31"]
[SourceVersion "1"]
[SourceVersionDate "2010.08.31"]
[SourceQuality "1"]

1. e4 e5 2. Nf3 Nc6 3. Bb5 a6 4. Ba4 Nf6 5. 0-0 Be7 6. Re1 b5 7. Bb3 0-0 8. a4 b4 9. d3 d6 10. Nbd2 Rb8 11. a5 h6 12. Bc4 Be6 13. Bxa6 Ra8 14. Bc4 Nxa5 15. Bxe6 fxe6 16. d4 exd4 17. Nxd4 Qd7 18. N4f3 Nc6 19. Rxa8 Rxa8 20. Nb3 e5 21. Qd3 Nd8 22. Nh4 Bf8 23. f3 Qe6 24. Nf5 c6 25. Be3 Nf7 26. Bf2 Ra2 27. Rb1 Qc8 28. Nc1 Ra8 29. Bh4 Qe6 30. Bxf6 Qxf6 1/2-1/2

[Event "IECG CP.2004.P.00040 email"]
[Site "IECG email"]
[Date "2004.10.01"]
[Round "?"]
[White "Van Tricht, Marcel"]
[Black "Perico, Antonio"]
[Result "1/2-1/2"]
[WhiteElo "2225"]
[BlackElo "1384"]
[PlyCount "88"]
[EventDate "2004.10.01"]
[EventType "tourn (corr)"]
[EventRounds "6"]
[SourceTitle "Corr 2011"]
[Source "ChessBase"]
[SourceDate "2010.08.31"]
[SourceVersion "1"]
[SourceVersionDate "2010.08.31"]
[SourceQuality "1"]

1. d4 Nf6 2. c4 e6 3. Nc3 Bb4 4. e3 c5 5. Bd3 0-0 6. Nf3 d5 7. 0-0 Nc6 8. a3 Bxc3 9. bxc3 dxc4 10. Bxc4 Qc7 11. Bd3 e5 12. Qc2 Re8 13. Ng5 h6 14. Ne4 Nxe4 15. Bxe4 exd4 16. cxd4 cxd4 17. exd4 Qb6 18. Be3 Nxd4 19. Qd3 Ne2+ 20. Kh1 Qd8 21. Qxd8 Rxd8 22. Rfd1 Be6 23. Rxd8+ Rxd8 24. Bxb7 Nc3 25. h3 Rd3 26. Ba6 Rd6 27. Bf1 a5 28. Rc1 Nd1 29. Ba7 Kh7 30. Kg1 Nb2 31. Be3 g5 32. f4 Kg6 33. g4 f5 34. fxg5 hxg5 35. Rc2 Nd3 36. gxf5+ Kxf5 37. Rd2 Bc4 38. Rg2 Rg6 39. Rc2 Ke4 40. Rxc4+ Kxe3 41. Bxd3 Kxd3 42. Rg4 Kc2 43. h4 a4 44. Rxg5 Rh6 1/2-1/2

[Event "IECG CE.2004.0.00069 email"]
[Site "IECG email"]
[Date "2004.03.24"]
[Round "?"]
[White "Perico, Antonio"]
[Black "Borrell, Robert"]
[Result "1-0"]
[WhiteElo "1317"]
[BlackElo "1316"]
[PlyCount "77"]
[EventDate "2004.03.24"]
[EventType "tourn (corr)"]
[EventRounds "6"]
[SourceTitle "Corr 2008"]
[Source "ChessBase"]
[SourceDate "2008.06.24"]
[SourceVersion "1"]
[SourceVersionDate "2008.06.24"]
[SourceQuality "1"]

1. Nf3 Nf6 2. d4 g6 3. g3 Bg7 4. c4 c6 5. Bg2 d5 6. Nbd2 0-0 7. 0-0 Bf5 8. e3 Bd3 9. Re1 dxc4 10. Ne5 Bf5 11. e4 Be6 12. Ndxc4 Nbd7 13. Be3 Nxe5 14. Nxe5 Nd7 15. Nd3 Nb6 16. Nc5 Qc8 17. Nxe6 Qxe6 18. d5 cxd5 19. exd5 Qf6 20. Rc1 Rac8 21. Bf4 Rc4 22. Be5 Rxc1 23. Qxc1 Qf5 24. Bxg7 Kxg7 25. Rxe7 Nxd5 26. Rxb7 Rc8 27. Qe1 Nf6 28. Rxa7 Rc2 29. b3 Qc5 30. Ra5 Qd4 31. Bf3 Qb2 32. Kg2 Rc1 33. Qe5 Qd2 34. Ra6 Qd8 35. g4 h6 36. a4 g5 37. h4 gxh4 38. g5 h3+ 39. Kh2 1-0

[Event "IECG CE.2004.0.00069 email"]
[Site "IECG email"]
[Date "2004.03.24"]
[Round "?"]
[White "Perico, Antonio"]
[Black "Hasidume, Shuji"]
[Result "1-0"]
[WhiteElo "1317"]
[BlackElo "1238"]
[PlyCount "93"]
[EventDate "2004.03.24"]
[EventType "tourn (corr)"]
[EventRounds "6"]
[SourceTitle "Corr 2008"]
[Source "ChessBase"]
[SourceDate "2008.06.24"]
[SourceVersion "1"]
[SourceVersionDate "2008.06.24"]
[SourceQuality "1"]

1. Nf3 Nf6 2. c4 g6 3. Nc3 Bg7 4. d4 c5 5. d5 d6 6. e4 0-0 7. Bf4 Qa5 8. Bd2 e5 9. Be2 a6 10. 0-0 Qc7 11. Bg5 Nbd7 12. Nd2 h6 13. Be3 Re8 14. Qc2 Nb6 15. Rab1 Ng4 16. Bxg4 Bxg4 17. b4 cxb4 18. Rxb4 Nc8 19. Rfb1 Rb8 20. Qb3 Re7 21. f3 a5 22. Rb5 a4 23. Qb4 Bd7 24. Rxb7 Rxb7 25. Qxb7 Qa5 26. Qb4 Qxb4 27. Rxb4 f5 28. c5 dxc5 29. Bxc5 Rf7 30. Nxa4 h5 31. Nc4 fxe4 32. fxe4 Bg4 33. Rb8 Kh7 34. Ne3 Bd7 35. Nc3 Bh6 36. Nc4 Bg7 37. Rb7 Be8 38. Rxf7 Bxf7 39. a4 Kg8 40. a5 Bf8 41. d6 Bxc4 42. d7 Bxc5+ 43. Kh1 Be6 44. d8Q+ Kf7 45. Qc7+ Be7 46. Nd5 Ke8 47. a6 1-0

[Event "IECG CP.2002.Q.00021 email"]
[Site "IECG email"]
[Date "2003.10.01"]
[Round "?"]
[White "Perico, Antonio"]
[Black "Bartsch, Christian"]
[Result "1-0"]
[WhiteElo "1246"]
[BlackElo "1818"]
[PlyCount "71"]
[EventDate "2003.10.01"]
[EventType "tourn (corr)"]
[EventRounds "10"]
[SourceTitle "Corr 2008"]
[Source "ChessBase"]
[SourceDate "2008.06.24"]
[SourceVersion "1"]
[SourceVersionDate "2008.06.24"]
[SourceQuality "1"]

1. e4 e5 2. Nf3 f5 3. Nxe5 Qf6 4. d4 d6 5. Nc4 fxe4 6. Nc3 Qg6 7. Bf4 Nf6 8. Ne3 Be7 9. h4 c6 10. h5 Qf7 11. h6 g6 12. d5 0-0 13. Qd2 Ng4 14. Bg3 Nxe3 15. fxe3 Nd7 16. Nxe4 Nf6 17. Nxf6+ Bxf6 18. 0-0-0 Bg4 19. Be2 Bxe2 20. Qxe2 cxd5 21. Kb1 Be5 22. Bf4 Rac8 23. Qd3 Rc5 24. Bxe5 dxe5 25. Rhf1 Qe6 26. Rxf8+ Kxf8 27. Qa3 Qc6 28. Qxa7 Qc8 29. Qb6 Ke7 30. Rf1 Qc6 31. Qb4 Ke8 32. a4 b6 33. a5 Qb5 34. Qe1 Rc7 35. Qf2 Re7 36. Qf8+ 1-0

[Event "IECG CP.2002.P.00048 email"]
[Site "IECG email"]
[Date "2002.10.01"]
[Round "?"]
[White "Perico, Antonio"]
[Black "Koch, Martin"]
[Result "1-0"]
[WhiteElo "1166"]
[BlackElo "1724"]
[PlyCount "73"]
[EventDate "2002.10.01"]
[EventType "tourn (corr)"]
[EventRounds "6"]
[EventCountry "ITA"]
[SourceTitle "Corr 2008"]
[Source "ChessBase"]
[SourceDate "2008.06.24"]
[SourceVersion "1"]
[SourceVersionDate "2008.06.24"]
[SourceQuality "1"]

1. e4 c5 2. Nf3 d6 3. d4 cxd4 4. Nxd4 Nf6 5. Nc3 a6 6. f3 e5 7. Nb3 Be6 8. Be3 Nc6 9. Nd5 Bxd5 10. exd5 Ne7 11. c4 g6 12. Bd3 Bg7 13. 0-0 0-0 14. Qd2 Nd7 15. Rfe1 f5 16. Rac1 b6 17. f4 e4 18. Be2 Nc5 19. Nd4 a5 20. b3 Qd7 21. Red1 Rac8 22. Ne6 Rfe8 23. Nxg7 Kxg7 24. Bd4+ Kg8 25. Rc3 Rc7 26. Rh3 Rf8 27. Bb2 Rf7 28. a3 Kf8 29. Bh8 Kg8 30. Ba1 Kf8 31. Qd4 Ng8 32. b4 axb4 33. axb4 Na4 34. Ra3 Ra7 35. Rd2 Qe8 36. Rda2 Qa8 37. Bd1 1-0

[Event "IECG CF.2002.0.00020 email"]
[Site "IECG email"]
[Date "2002.03.15"]
[Round "?"]
[White "Ferrer Ramos, Joaquin"]
[Black "Perico, Antonio"]
[Result "0-1"]
[WhiteElo "1041"]
[BlackElo "953"]
[PlyCount "54"]
[EventDate "2002.03.15"]
[EventType "tourn (corr)"]
[EventRounds "6"]
[SourceTitle "Corr 2008"]
[Source "ChessBase"]
[SourceDate "2008.06.24"]
[SourceVersion "1"]
[SourceVersionDate "2008.06.24"]
[SourceQuality "1"]

1. d3 d5 2. Nf3 Nf6 3. g3 Bg4 4. Bg2 c6 5. b3 Nbd7 6. Bb2 Qc7 7. Nbd2 e5 8. 0-0 Bd6 9. c4 0-0 10. cxd5 cxd5 11. Rc1 Qa5 12. a3 Qa6 13. h3 Be6 14. Ng5 Bf5 15. e4 Bg6 16. d4 exd4 17. exd5 d3 18. f4 Bc5+ 19. Kh2 Be3 20. Rc7 Bh5 21. g4 Qd6 22. Rxd7 Nxd7 23. Nge4 Bxf4+ 24. Kh1 Qh6 25. gxh5 f5 26. Nc4 fxe4 27. Bxe4 b5 0-1

[Event "IECG CF.2002.0.00020 email"]
[Site "IECG email"]
[Date "2002.03.15"]
[Round "?"]
[White "Xyko, Kenny"]
[Black "Perico, Antonio"]
[Result "0-1"]
[WhiteElo "800"]
[BlackElo "953"]
[PlyCount "88"]
[EventDate "2002.03.15"]
[EventType "tourn (corr)"]
[EventRounds "6"]
[SourceTitle "Corr 2008"]
[Source "ChessBase"]
[SourceDate "2008.06.24"]
[SourceVersion "1"]
[SourceVersionDate "2008.06.24"]
[SourceQuality "1"]

1. e4 c5 2. Nf3 Nc6 3. d4 cxd4 4. Nxd4 Nf6 5. Nc3 e6 6. Ndb5 d6 7. Bf4 e5 8. Bg5 a6 9. Na3 Be6 10. Nc4 Rc8 11. f4 Nd4 12. fxe5 dxe5 13. Nxe5 Qb6 14. Bxf6 Qxb2 15. Qxd4 Bb4 16. Nc6 Qxa1+ 17. Kd2 Ba3 18. Bxg7 Rxc6 19. Ne2 Qb1 20. Qd3 Be7 21. h4 Rg8 22. Nc3 Qb2 23. Be5 Bb4 24. g4 Rxg4 25. Bh3 Rg8 26. a3 Ba5 27. Bxe6 Bxc3+ 28. Ke2 fxe6 29. Rd1 Rg2+ 30. Kf1 Bxe5 31. Qd8+ Kf7 32. Rd7+ Kg6 33. Qg8+ Bg7 34. Qxg7+ Qxg7 35. Rxg7+ Kxg7 36. Kxg2 Rxc2+ 37. Kf3 Kf6 38. Kf4 Ra2 39. e5+ Kf7 40. Ke4 Rxa3 41. Kd4 Rh3 42. Kc4 b5+ 43. Kb4 Rxh4+ 44. Kc3 b4+ 0-1